02716cam a22002654a 450000100090000000300040000900500170001300800410003001000170007102000280008804000180011604200080013405000170014208200120015910000230017124500360019425000120023026000410024230000760028350000540035950518390041365000150225285600910226785600920235813915692OSt20210414113856.0050330s2006 mauab b 001 0 eng  a 2005043868 a007297883X (alk. paper) aDLCcDLCdDLC apcc00aHB171.5.C78800a3302221 aColander, David C.10aEconomics /cDavid C. Colander. a6th ed. aBoston :bMcGraw-Hill/Irwin,cc2006. axxxvi, 837 + various pagings :bill. (chiefly col.), col. map ;c27 cm. a Includes bibliographical references and index. aContents: Introduction: Thinking like an economist: Economics and economic reasoning -- Trade, trade-offs and government policy -- The Evolving U.S. economy in perspective -- Supply and demand -- Using supply and demand -- Microeconomics: Microeconomics: The Basics -- Taxation and government intervention -- Foundations of supply and demand: The Logic of individual choice: The Foundation of supply and demand -- Production and cost analysis I -- Production and cost analysis II -- Market structure and policy: Perfect competition -- Monopoly -- Monopolistic competition, oligopoly and strategic pricing -- Real world competition and technology -- Antitrust policy and regulation -- Factor markets: Work and the labour market -- Who gets what? The Distribution of income -- Applying economic reason to policy: Government policy and market failures -- Politics and economics: The Case of agricultural markets -- Microeconomic policy, economic reasoning and beyond -- International trade policy, comparative advantage and outsourcing -- Macroeconomics: Macroeconomic problems -- Economic growth, business cycles, unemployment and inflation --- National income accounting -- The Macroeconomic framework: Growth, productivity and the wealth of nations -- Aggregate demand, aggregate supply and modern macroeconomics -- The Multiplier model -- Money, inflation, and monetary policy: Money, banking and the financial sector -- Monetary policy and the debate about macro policy -- Inflation and its relationship to unemployment and growth -- Macro policy in perspective: Aggregate demand policy in perspective -- Macro policies in developing countries -- International policy issues: International financial policy -- Macro policy in a global setting -- Bonus web Chapter: Nonwage and asset income: Rents, profits and interest -- Glossary. 0aEconomics.423Publisher descriptionuhttp://www.loc.gov/catdir/enhancements/fy0702/2005043868-d.html413Table of contents onlyuhttp://www.loc.gov/catdir/enhancements/fy0702/2005043868-t.html